The foundations of world partnership. (Record no. 90083)
[ view plain ]
| 000 -LEADER | |
|---|---|
| fixed length control field | 01074cam a22002651 4500 |
| 001 - CONTROL NUMBER | |
| control field | sd 61000014 |
| 003 - CONTROL NUMBER IDENTIFIER | |
| control field | DLC |
| 005 - DATE AND TIME OF LATEST TRANSACTION | |
| control field | 20260227112736.0 |
| 008 - FIXED-LENGTH DATA ELEMENTS--GENERAL INFORMATION | |
| fixed length control field | 920417r19611961dcu f000 0 eng c |
| 010 ## - LIBRARY OF CONGRESS CONTROL NUMBER | |
| LC control number | sd 61000014 |
| 035 ## - SYSTEM CONTROL NUMBER | |
| System control number | (OCoLC)25667841 |
| 040 ## - CATALOGING SOURCE | |
| Original cataloging agency | U.S. Dept. of State. Library |
| Transcribing agency | DS |
| Modifying agency | DS |
| -- | DLC |
| 042 ## - AUTHENTICATION CODE | |
| Authentication code | premarc |
| 050 00 - LIBRARY OF CONGRESS CALL NUMBER | |
| Classification number | JX1417 |
| Item number | .B6 |
| 100 1# - MAIN ENTRY--PERSONAL NAME | |
| Personal name | Bowles, Chester, |
| Dates associated with a name | 1901-1986. |
| 245 14 - TITLE STATEMENT | |
| Title | The foundations of world partnership. |
| Remainder of title | [Address made before the Consultation on Immigration Policy of the National Council of Churches of Christ in the U.S.A at Washington, D.C., on Apr. 13. |
| 260 ## - PUBLICATION, DISTRIBUTION, ETC. | |
| Place of publication, distribution, etc. | Washington] |
| Name of publisher, distributor, etc. | Dept. of State |
| Date of publication, distribution, etc. | [1961] |
| 300 ## - PHYSICAL DESCRIPTION | |
| Extent | 12 p. |
| Dimensions | 22 x 10 cm. |
| 490 1# - SERIES STATEMENT | |
| Series statement | [U.S.] Dept. of State. Publication |
| Volume/sequential designation | 7196 |
| 490 1# - SERIES STATEMENT | |
| Series statement | General foreign policy series, |
| Volume/sequential designation | 167 |
| 500 ## - GENERAL NOTE | |
| General note | "Reprinted from the Department of State bulletin of May 1, 1961." |
| 651 #0 - SUBJECT ADDED ENTRY--GEOGRAPHIC NAME | |
| Geographic name | United States |
| General subdivision | Foreign relations. |
| 830 #0 - SERIES ADDED ENTRY--UNIFORM TITLE | |
| Uniform title | Department of State publication ; |
| Volume/sequential designation | 7196. |
| 830 #0 - SERIES ADDED ENTRY--UNIFORM TITLE | |
| Uniform title | Department of State publication. |
| Name of part/section of a work | General foreign policy series ; |
| Volume/sequential designation | 167. |
No items available.